000
00239 a2200097 4500
001
55299
100
_a
245
_a
Civilizations over five millennia
260
_a
Paris
_b
Edition her mafestystatory
_c
2006
090
_c
34275
_d
34275
942
_a
NUST-CAE
_c
MONOGRAPH
_c
26975
999
_c
290372
_d
290372